01304nam a22002177a 450000500170000000800410001702000150005804000090007304100080008208200210009010000180011124500740012926000420020330000240024536500140026952007280028365000140101165000190102565000220104470000200106620220714114228.0220714b ||||| |||| 00| 0 eng d a0586086420 cAloy aeng 223a330.96bHARG aPaul Harrison aGreening of Africa:bBreaking through in the battle for land and food aLondon:bPaladin Grafton Books,c1987 a380p.bPBc20x13cm. 2Economics aThe author joined Yowerri Museveni's rebel army in 1982, and was subsequently a member of the Constituent Assembly which produced Uganda's constitution. Published posthumously, the book tells the inside story of a truly successful revolution and the rise to power of President Museveni. He provides a detailed account of the overthrow of Milton Obote's oppressive regime and the military dictatorship of General Tito Okello. He explains how Museveni and the National Resistance Army were able to gain power in Uganda by principled leadership and a national programme that has eschewed sectarianism and factionalism, to facilitate a lasting and prosperous peace in what is now one of the fastest growing economies in Africa. aEconomics aHuman Resource aSoil Conservation aHARRISON (Paul)